[Event "Malaga-ch Seniors 15th"]
[Site "Malaga"]
[Date "2019.03.30"]
[Round "1"]
[White "Sosa Pena, Juan Ramon"]
[Black "Moreno Alberti, Manuel"]
[Result "1/2-1/2"]
[WhiteElo "1400"]
[BlackElo "1797"]
[PlyCount "119"]
[EventDate "2019.03.30"]
[EventType "swiss"]
[EventRounds "6"]
[EventCountry "ESP"]
[SourceTitle "EXT 2024"]
[Source "ChessBase"]
[SourceDate "2023.10.10"]
[SourceVersion "1"]
[SourceVersionDate "2023.10.10"]
[SourceQuality "1"]

1. e4 c5 2. Nf3 d6 3. d4 cxd4 4. Nxd4 Nf6 5. Nc3 a6 6. Be2 e5 7. Nf3 Be7 8. h3 Qc7 9. 0-0 0-0 10. Nh2 b5 11. Bg5 b4 12. Bxf6 bxc3 13. Bxe7 cxb2 14. Bxf8 bxa1Q 15. Qxa1 Kxf8 16. c4 Be6 17. Rc1 Nd7 18. Qc3 Rb8 19. Nf1 Qb6 20. Ne3 Qb2 21. Rc2 Qxc3 22. Rxc3 Nc5 23. f3 g6 24. Kf2 f5 25. exf5 gxf5 26. Nd5 Rb2 27. Ra3 f4 28. Ke1 Rb1+ 29. Kf2 Bf5 30. Nc3 Rb2 31. Kg1 Rc2 32. Kh2 h5 33. Bd1 Rc1 34. Ba4 h4 35. Bc6 Bd3 36. Bd5 Bf1 37. Ne4 Nxe4 38. fxe4 Rc2 39. Rxa6 Bxg2 40. Ra8+ Ke7 41. Ra7+ Kf6 42. Rf7+ Kg6 43. Rd7 Bxe4+ 44. Kg1 Bxd5 45. Rxd6+ Kf5 46. cxd5 Rxa2 47. Rd8 e4 48. Rf8+ Ke5 49. d6 Rd2 50. Re8+ Kf5 51. Rf8+ Kg5 52. Rg8+ Kf6 53. Rf8+ Ke6 54. Rxf4 Ke5 55. Rxh4 Rxd6 56. Kf2 Rd2+ 57. Ke3 Rd3+ 58. Ke2 Ra3 59. Rh8 Kf5 60. Rh5+ 1/2-1/2

[Event "Malaga-ch"]
[Site "Malaga"]
[Date "2019.02.24"]
[Round "6.6"]
[White "Ramos Moreno, Francisco Jose"]
[Black "Moreno Alberti, Manuel"]
[Result "1-0"]
[WhiteElo "2117"]
[BlackElo "1816"]
[PlyCount "57"]
[EventDate "2019.02.09"]
[EventType "swiss"]
[EventRounds "7"]
[EventCountry "ESP"]
[SourceTitle "EXT 2024"]
[Source "ChessBase"]
[SourceDate "2023.10.10"]
[SourceVersion "1"]
[SourceVersionDate "2023.10.10"]
[SourceQuality "1"]

1. e4 e6 2. d4 d5 3. e5 c5 4. Nf3 Qb6 5. Bd3 Bd7 6. dxc5 Bxc5 7. 0-0 Nh6 8. Nbd2 Nc6 9. Nb3 Be7 10. c3 0-0 11. Qc2 Nf5 12. g4 Nh4 13. Nxh4 Bxh4 14. Be3 Qc7 15. Bxh7+ Kh8 16. f4 Be8 17. Bd3 f6 18. Qg2 fxe5 19. Qh3 e4 20. Qxh4+ Kg8 21. Be2 Bf7 22. Rf2 Rad8 23. Raf1 b6 24. Nd4 Ne7 25. f5 e5 26. g5 exd4 27. Bxd4 Qd6 28. Bxg7 Kxg7 29. f6+ 1-0

[Event "Malaga-ch"]
[Site "Malaga"]
[Date "2019.02.17"]
[Round "5.9"]
[White "Moreno Alberti, Manuel"]
[Black "Picon Vega, Francisco"]
[Result "1-0"]
[WhiteElo "1816"]
[BlackElo "1818"]
[PlyCount "96"]
[EventDate "2019.02.09"]
[EventType "swiss"]
[EventRounds "7"]
[EventCountry "ESP"]
[SourceTitle "EXT 2024"]
[Source "ChessBase"]
[SourceDate "2023.10.10"]
[SourceVersion "1"]
[SourceVersionDate "2023.10.10"]
[SourceQuality "1"]

1. e4 c5 2. Nf3 Nc6 3. d4 cxd4 4. Nxd4 e6 5. c4 a6 6. Nc3 Qc7 7. Be2 Nf6 8. 0-0 Bb4 9. Qd3 b6 10. Bg5 Bxc3 11. Nxc6 Bxb2 12. Rab1 h6 13. Bh4 Bb7 14. Rxb2 Bxc6 15. f3 Rc8 16. Bg3 e5 17. Qb3 Rb8 18. Qa3 a5 19. Rd1 Nh5 20. Bf2 Nf4 21. Bf1 a4 22. Rdb1 f6 23. Bxb6 Qc8 24. Qd6 Kf7 25. Bc5 Rxb2 26. Rxb2 Qa8 27. g3 Ne6 28. Be3 Qa5 29. Qb4 Qxb4 30. Rxb4 g5 31. g4 h5 32. h3 hxg4 33. hxg4 Ke7 34. c5 Ra8 35. a3 Ra5 36. Rb8 Nxc5 37. Rh8 Ne6 38. Bd2 Ra8 39. Bb4+ Kf7 40. Rh7+ Kg6 41. Re7 Nd4 42. Kg2 Nc2 43. Bc5 Rb8 44. Bc4 Rb2 45. Bf7+ Kh6 46. Bh5 Nd4+ 47. Kh3 Nxf3 48. Rf7 Bxe4 1-0

[Event "Malaga-ch"]
[Site "Malaga"]
[Date "2019.02.09"]
[Round "1.2"]
[White "Moreno Alberti, Manuel"]
[Black "Terron Elena, Francisco Miguel"]
[Result "1/2-1/2"]
[WhiteElo "1816"]
[BlackElo "2171"]
[PlyCount "70"]
[EventDate "2019.02.09"]
[EventType "swiss"]
[EventRounds "7"]
[EventCountry "ESP"]
[SourceTitle "EXT 2024"]
[Source "ChessBase"]
[SourceDate "2023.10.10"]
[SourceVersion "1"]
[SourceVersionDate "2023.10.10"]
[SourceQuality "1"]

1. e4 c5 2. Nf3 Nc6 3. d4 cxd4 4. Nxd4 e5 5. Nb5 d6 6. N1c3 a6 7. Na3 b5 8. Nd5 Nge7 9. Nxe7 Bxe7 10. g3 Be6 11. Bg2 b4 12. Nb1 0-0 13. 0-0 Rc8 14. c3 a5 15. Be3 Qd7 16. Re1 g6 17. Qd2 Rb8 18. b3 Rfc8 19. c4 a4 20. Qb2 Ra8 21. Nd2 Ra5 22. Red1 Qb7 23. Nf3 f6 24. Ne1 Rca8 25. Nc2 R8a6 26. Bf1 Qa8 27. Bd2 Rb6 28. Rdb1 Rb8 29. Qc1 a3 30. Qe1 Qb7 31. Qe3 Raa8 32. Bd3 Bd8 33. Qe1 Kf7 34. Be3 Bb6 35. Bd2 Bc5 1/2-1/2

[Event "Almeria Sola Memorial-B 2nd"]
[Site "Almeria"]
[Date "2015.12.19"]
[Round "5"]
[White "Canavate Ros, Adrian"]
[Black "Moreno Alberti, Manuel"]
[Result "1/2-1/2"]
[WhiteElo "1633"]
[BlackElo "1943"]
[PlyCount "136"]
[EventDate "2015.12.18"]
[EventType "swiss"]
[EventRounds "7"]
[EventCountry "ESP"]
[SourceTitle "CBM 170 Extra"]
[Source "ChessBase"]
[SourceDate "2016.02.25"]
[SourceVersion "1"]
[SourceVersionDate "2016.02.25"]
[SourceQuality "1"]

1. d4 Nf6 2. c4 d6 3. Nc3 e5 4. dxe5 dxe5 5. Qxd8+ Kxd8 6. Bg5 Be6 7. Nf3 Nbd7 8. e3 c6 9. Rd1 Kc7 10. a3 a5 11. Bxf6 gxf6 12. Be2 Be7 13. Ne4 a4 14. Kd2 h6 15. Kc2 Rhg8 16. g3 Nb6 17. Nfd2 Rgd8 18. f4 f5 19. Nc3 e4 20. g4 Bc5 21. gxf5 Bxf5 22. Ndxe4 Re8 23. Bd3 Bxe3 24. Rde1 Bd4 25. Nd2 Bh3 26. Re2 Rxe2 27. Nxe2 Be3 28. Nb1 Bg2 29. Rd1 Nd7 30. Nbc3 Nc5 31. Bf5 Re8 32. Bg4 Re7 33. f5 Ne4 34. Nxe4 Bxe4+ 35. Kc3 Rd7 36. Rxd7+ Kxd7 37. Kb4 Bc2 38. Kc3 Bd1 39. Kd3 Bg5 40. h3 Bf6 41. Nc3 Bb3 42. Bd1 Bxc3 43. Bxb3 axb3 44. Kxc3 Kd6 45. Kd4 b6 46. Ke4 f6 47. h4 Kc5 48. Kd3 b5 49. cxb5 cxb5 50. Kc3 Kd5 51. Kxb3 Ke5 52. Kb4 Kxf5 53. Kxb5 Kg4 54. a4 f5 55. a5 f4 56. a6 f3 57. Kb4 f2 58. a7 f1Q 59. a8Q Qf4+ 60. Ka3 Kxh4 61. Qh1+ Kg4 62. Qg2+ Qg3+ 63. Qxg3+ Kxg3 64. b4 h5 65. b5 h4 66. b6 h3 67. b7 h2 68. b8Q+ Kg2 1/2-1/2

[Event "Andalucia-ch Seniors 1112"]
[Site "Huelva"]
[Date "2012.04.13"]
[Round "3"]
[White "Moreno Alberti, Manuel"]
[Black "Fernandez Baez, Jose"]
[Result "1-0"]
[WhiteElo "1941"]
[BlackElo "1861"]
[PlyCount "49"]
[EventDate "2012.04.12"]
[EventType "swiss"]
[EventRounds "6"]
[EventCountry "ESP"]
[SourceTitle "EXT 2013"]
[Source "ChessBase"]
[SourceDate "2012.11.22"]
[SourceVersion "1"]
[SourceVersionDate "2012.11.22"]
[SourceQuality "1"]

1. e4 e5 2. Nf3 d6 3. d4 exd4 4. Nxd4 Be7 5. Nc3 Nf6 6. Be2 Nbd7 7. Nf5 0-0 8. Be3 Ne5 9. f4 Ng6 10. g4 h6 11. h4 Nh7 12. g5 Re8 13. Qd4 Bf8 14. h5 Ne7 15. Nh4 Nc6 16. Qd2 Be7 17. Rg1 hxg5 18. fxg5 Be6 19. 0-0-0 a6 20. Nf5 Ne5 21. Rg3 g6 22. Nh4 Kg7 23. hxg6 fxg6 24. Nf3 Nc4 25. Qd4+ 1-0

[Event "Malaga-ch"]
[Site "Malaga"]
[Date "2012.02.05"]
[Round "9"]
[White "Moreno Alberti, Manuel"]
[Black "Ramos Guaz, Jose Manuel"]
[Result "1/2-1/2"]
[WhiteElo "1957"]
[BlackElo "1801"]
[PlyCount "64"]
[EventDate "2012.01.14"]
[EventType "swiss"]
[EventRounds "9"]
[EventCountry "ESP"]
[SourceTitle "CBM 146 Extra"]
[Source "ChessBase"]
[SourceDate "2012.02.29"]
[SourceVersion "1"]
[SourceVersionDate "2012.02.29"]
[SourceQuality "1"]

1. e4 e6 2. d4 c5 3. Nf3 cxd4 4. Nxd4 a6 5. Bd3 Bc5 6. Nb3 Ba7 7. 0-0 Nc6 8. Nc3 Nge7 9. Bg5 b5 10. Kh1 h6 11. Bf4 Bb7 12. Bd6 Bb8 13. Be2 Bxd6 14. Qxd6 Qb8 15. Rad1 Qxd6 16. Rxd6 Nc8 17. Rd2 d6 18. f4 Ke7 19. Rfd1 Rd8 20. Bf3 Nb6 21. Be2 Rac8 22. a3 g6 23. Nd4 Nxd4 24. Rxd4 d5 25. exd5 Bxd5 26. Nxd5+ Nxd5 27. c4 bxc4 28. Bxc4 a5 29. g3 Ne3 30. Rxd8 Rxd8 31. Rxd8 Kxd8 32. Bb3 g5 1/2-1/2

[Event "Malaga-ch"]
[Site "Malaga"]
[Date "2012.01.21"]
[Round "4"]
[White "Moreno Alberti, Manuel"]
[Black "Perez Tores, Juan Miguel"]
[Result "1-0"]
[WhiteElo "1957"]
[BlackElo "1753"]
[PlyCount "73"]
[EventDate "2012.01.14"]
[EventType "swiss"]
[EventRounds "9"]
[EventCountry "ESP"]
[SourceTitle "CBM 146 Extra"]
[Source "ChessBase"]
[SourceDate "2012.02.29"]
[SourceVersion "1"]
[SourceVersionDate "2012.02.29"]
[SourceQuality "1"]

1. e4 g6 2. d4 Bg7 3. Nc3 d6 4. Be3 Nf6 5. Qd2 c6 6. Bd3 Nbd7 7. Nf3 b5 8. Bh6 0-0 9. Bxg7 Kxg7 10. e5 dxe5 11. dxe5 Ng4 12. Qg5 Nc5 13. Rd1 Qc7 14. 0-0 Nxd3 15. cxd3 f6 16. exf6+ exf6 17. Qc5 Rf7 18. Rfe1 Qb6 19. d4 Ba6 20. Re6 Qxc5 21. dxc5 b4 22. Ne4 Be2 23. Rdd6 Bc4 24. Rxc6 Bxe6 25. Rxe6 Rd8 26. Nd6 Rc7 27. h3 Ne5 28. Nxe5 fxe5 29. Rxe5 Kf6 30. f4 Rc6 31. g4 Rd7 32. Kf2 Ra6 33. Re4 Rxa2 34. g5+ Kg7 35. Rxb4 Kf8 36. Rb8+ Ke7 37. Re8# 1-0

[Event "Malaga-ch"]
[Site "Malaga"]
[Date "2012.01.15"]
[Round "3"]
[White "Echaniz de Fays, Constantino Jose"]
[Black "Moreno Alberti, Manuel"]
[Result "0-1"]
[WhiteElo "1833"]
[BlackElo "1957"]
[PlyCount "70"]
[EventDate "2012.01.14"]
[EventType "swiss"]
[EventRounds "9"]
[EventCountry "ESP"]
[SourceTitle "CBM 146 Extra"]
[Source "ChessBase"]
[SourceDate "2012.02.29"]
[SourceVersion "1"]
[SourceVersionDate "2012.02.29"]
[SourceQuality "1"]

1. e4 c5 2. Nf3 d6 3. d4 cxd4 4. Nxd4 Nf6 5. Nc3 a6 6. Be2 e5 7. Nb3 Be6 8. Bg5 Nbd7 9. 0-0 Be7 10. Kh1 0-0 11. f4 exf4 12. Bxf4 Ne5 13. Bxe5 dxe5 14. Bd3 b5 15. Qf3 Rc8 16. Rad1 Bg4 17. Qe3 Bxd1 18. Rxd1 Qc7 19. h3 Rcd8 20. Rf1 Qd7 21. Rf5 Qe6 22. a3 g6 23. Rf1 Kg7 24. Nc1 h5 25. N1e2 h4 26. Ng1 Nh5 27. Nd5 Ng3+ 28. Kh2 Nxf1+ 29. Bxf1 Rxd5 30. exd5 Qxd5 31. Nf3 e4 32. Qd4+ Qxd4 33. Nxd4 Bf6 34. Nb3 Be5+ 35. Kg1 Bxb2 0-1

[Event "Malaga-ch"]
[Site "Malaga"]
[Date "2012.01.15"]
[Round "2"]
[White "Moreno Alberti, Manuel"]
[Black "Fernandez Blazquez, Ivan"]
[Result "0-1"]
[WhiteElo "1957"]
[BlackElo "1985"]
[PlyCount "68"]
[EventDate "2012.01.14"]
[EventType "swiss"]
[EventRounds "9"]
[EventCountry "ESP"]
[SourceTitle "CBM 146 Extra"]
[Source "ChessBase"]
[SourceDate "2012.02.29"]
[SourceVersion "1"]
[SourceVersionDate "2012.02.29"]
[SourceQuality "1"]

1. e4 d5 2. exd5 Qxd5 3. Nc3 Qd6 4. g3 Nf6 5. Bg2 c6 6. d3 Bg4 7. Nf3 e6 8. Bf4 Qd8 9. h3 Bxf3 10. Bxf3 Nd5 11. Nxd5 cxd5 12. c3 Nc6 13. 0-0 Bd6 14. Bxd6 Qxd6 15. b4 0-0 16. a3 Rac8 17. c4 b6 18. cxd5 exd5 19. d4 Qf6 20. Bxd5 Nxd4 21. Qd3 Rc3 22. Qe4 Nf3+ 23. Kg2 Nd2 24. Qg4 Nxf1 25. Rxf1 Rd8 26. Qe4 Rxa3 27. Re1 g6 28. h4 h5 29. b5 Kg7 30. Rc1 Rc3 31. Rxc3 Qxc3 32. g4 hxg4 33. h5 Qh3+ 34. Kg1 Qxh5 0-1

[Event "Malaga-ch Seniors 9th"]
[Site "Malpica"]
[Date "2011.10.29"]
[Round "3.3"]
[White "Moreno Alberti, Manuel"]
[Black "Ramos Guaz, Jose Manuel"]
[Result "1-0"]
[WhiteElo "1898"]
[BlackElo "1854"]
[PlyCount "84"]
[EventDate "2011.09.22"]
[EventType "swiss"]
[EventRounds "5"]
[EventCountry "ESP"]
[SourceTitle "EXT 2024"]
[Source "ChessBase"]
[SourceDate "2023.10.10"]
[SourceVersion "1"]
[SourceVersionDate "2023.10.10"]
[SourceQuality "1"]

1. e4 c5 2. Nf3 Nc6 3. d4 cxd4 4. Nxd4 e5 5. Nb5 a6 6. Nd6+ Bxd6 7. Qxd6 Qf6 8. Qd1 Qg6 9. f3 Nge7 10. c4 0-0 11. Be3 f5 12. Nc3 fxe4 13. fxe4 b5 14. cxb5 axb5 15. Bxb5 Qxg2 16. Rg1 Qh3 17. Qd2 Qh4+ 18. Rg3 Ba6 19. Bxa6 Rxa6 20. 0-0-0 Kh8 21. Bg5 Qh5 22. Rdg1 Ng6 23. Qxd7 Nd4 24. Qg4 Qxg4 25. Rxg4 Nf3 26. R1g2 Nxg5 27. Rxg5 Rf1+ 28. Kc2 Raf6 29. Rd2 h6 30. Rg3 R1f2 31. Rgd3 Rxd2+ 32. Rxd2 Kh7 33. Rd5 Rf2+ 34. Rd2 Rf7 35. a4 Ne7 36. b4 Nc6 37. Kb3 Nd4+ 38. Kb2 Kg8 39. b5 Kf8 40. Nd5 Ke8 41. Nb6 Rf3 42. Ka2 Kd8 1-0

[Event "Malaga op 13th"]
[Site "Malaga"]
[Date "2010.02.27"]
[Round "9"]
[White "Moreno Alberti, Manuel"]
[Black "Prieto Velasco, Rafael"]
[Result "1-0"]
[WhiteElo "1971"]
[BlackElo "1768"]
[PlyCount "89"]
[EventDate "2010.02.20"]
[EventType "swiss"]
[EventRounds "9"]
[EventCountry "ESP"]
[SourceTitle "CBM 135 Extra"]
[Source "ChessBase"]
[SourceDate "2010.05.04"]
[SourceVersion "1"]
[SourceVersionDate "2010.05.04"]
[SourceQuality "1"]

1. e4 e6 2. d4 d5 3. e5 c5 4. c3 Nc6 5. Nf3 Qb6 6. a3 Nh6 7. b4 cxd4 8. Bxh6 gxh6 9. cxd4 Bd7 10. Nc3 Nxb4 11. Be2 Qc7 12. Nb5 Bxb5 13. Bxb5+ Nc6 14. 0-0 Bg7 15. Qc2 0-0 16. Rac1 Rac8 17. Rfe1 Qd8 18. Qd3 Ne7 19. h4 Rxc1 20. Rxc1 Nf5 21. g3 h5 22. Qd2 Bh6 23. Ng5 f6 24. exf6 Qxf6 25. Rd1 a6 26. Ba4 Rc8 27. Bd7 Rc6 28. Bxc6 bxc6 29. Qf4 Bg7 30. Rb1 h6 31. Rb8+ Bf8 32. Nf3 Kg7 33. Qc7+ Be7 34. Qc8 Bf8 35. Rb7+ Kg8 36. Qxc6 Ne7 37. Qc3 Nf5 38. Ne5 Nd6 39. Rb8 Qe7 40. Ng6 Qa7 41. Rxf8+ Kg7 42. Qf3 Nf5 43. Rxf5 exf5 44. Qxf5 Qxd4 45. Ne5 1-0

[Event "Malaga op 13th"]
[Site "Malaga"]
[Date "2010.02.26"]
[Round "8"]
[White "Cisnero Alvarez, Juan Jose"]
[Black "Moreno Alberti, Manuel"]
[Result "1-0"]
[WhiteElo "2110"]
[BlackElo "1971"]
[PlyCount "90"]
[EventDate "2010.02.20"]
[EventType "swiss"]
[EventRounds "9"]
[EventCountry "ESP"]
[SourceTitle "CBM 135 Extra"]
[Source "ChessBase"]
[SourceDate "2010.05.04"]
[SourceVersion "1"]
[SourceVersionDate "2010.05.04"]
[SourceQuality "1"]

1. c4 Nf6 2. Nf3 g6 3. g3 Bg7 4. Bg2 d6 5. d4 Nbd7 6. 0-0 c6 7. Nc3 0-0 8. e4 Qc7 9. h3 e5 10. Be3 Re8 11. Qc2 b6 12. b4 a6 13. dxe5 dxe5 14. c5 bxc5 15. bxc5 Bf8 16. Na4 Rb8 17. Rab1 Rb5 18. Nd2 Rd8 19. Rfc1 Ne8 20. Bf1 Ng7 21. Bxb5 axb5 22. Nb6 Ne6 23. Nb3 Bg7 24. Rd1 Bf8 25. Rbc1 Bb7 26. Nxd7 Rxd7 27. Rxd7 Qxd7 28. Rd1 Qc7 29. Qd2 Bc8 30. Bh6 Be7 31. Be3 Qa7 32. Qa5 Qxa5 33. Nxa5 Nd8 34. Rxd8+ Bxd8 35. Nxc6 Bf6 36. Na7 Ba6 37. h4 Bd8 38. Nc6 Bc7 39. Nb4 Bc8 40. Nd5 Bd8 41. c6 Kf8 42. Bc5+ Ke8 43. c7 Bxc7 44. Nxc7+ Kd7 45. Nxb5 Bb7 1-0

[Event "Malaga op 13th"]
[Site "Malaga"]
[Date "2010.02.23"]
[Round "5"]
[White "Moreno Alberti, Manuel"]
[Black "Walton, Alan J"]
[Result "1/2-1/2"]
[WhiteElo "1971"]
[BlackElo "2137"]
[PlyCount "116"]
[EventDate "2010.02.20"]
[EventType "swiss"]
[EventRounds "9"]
[EventCountry "ESP"]
[SourceTitle "CBM 135 Extra"]
[Source "ChessBase"]
[SourceDate "2010.05.04"]
[SourceVersion "1"]
[SourceVersionDate "2010.05.04"]
[SourceQuality "1"]

1. e4 e6 2. d4 d5 3. e5 c5 4. c3 Nc6 5. Nf3 Qb6 6. a3 Nh6 7. b4 cxd4 8. cxd4 Nf5 9. Bb2 Bd7 10. g4 Nh6 11. h3 f6 12. exf6 gxf6 13. Bd3 Nf7 14. Qe2 Bd6 15. Nc3 Ne7 16. Rc1 Rc8 17. Rc2 Kf8 18. g5 f5 19. Qe3 Ng6 20. h4 Nf4 21. Kf1 a6 22. Ne2 Rxc2 23. Bxc2 Qc7 24. Bd3 h6 25. Rg1 hxg5 26. hxg5 Rg8 27. Bc1 Nxd3 28. Qxd3 Bb5 29. Qd1 Bf4 30. Bxf4 Qxf4 31. Rg3 Nxg5 32. Nxg5 Rxg5 33. Rxg5 Qxg5 34. Ke1 Bxe2 35. Kxe2 Qf4 36. Kf1 Ke7 37. Qd3 Qc1+ 38. Kg2 Kd7 39. Qg3 Qc8 40. a4 b6 41. b5 axb5 42. axb5 Qf8 43. Qc3 Qd6 44. Qa1 Qc7 45. Qa8 Qd6 46. Qb7+ Kd8 47. Qa8+ Ke7 48. Qb7+ Kf6 49. Qh7 Qf8 50. Qh4+ Kf7 51. Qf4 Qg7+ 52. Kf1 Qg4 53. Qc7+ Kf6 54. Qxb6 f4 55. Qd6 Qd1+ 56. Kg2 Qg4+ 57. Kf1 Qd1+ 58. Kg2 Qg4+ 1/2-1/2

[Event "Mostoles Bicentenary op"]
[Site "Mostoles"]
[Date "2008.05.27"]
[Round "6"]
[White "Aguado Garcia, Pablo"]
[Black "Moreno Alberti, Manuel"]
[Result "1-0"]
[WhiteElo "1798"]
[BlackElo "2069"]
[PlyCount "77"]
[EventDate "2008.05.20"]
[EventType "swiss"]
[EventRounds "9"]
[EventCountry "ESP"]
[SourceTitle "CBM 124 Extra"]
[Source "ChessBase"]
[SourceDate "2008.07.03"]
[SourceVersion "1"]
[SourceVersionDate "2008.07.03"]
[SourceQuality "1"]

1. e4 c5 2. c3 d5 3. exd5 Qxd5 4. d4 e5 5. dxe5 Qxe5+ 6. Qe2 Nc6 7. Nf3 Qe6 8. Na3 a6 9. Nc4 Qxe2+ 10. Bxe2 Be6 11. Bf4 Rd8 12. Ng5 Bc8 13. Rd1 f6 14. Ne4 Nh6 15. Bxh6 gxh6 16. Nxf6+ Kf7 17. Rxd8 Nxd8 18. Ne4 Be6 19. Ne5+ Kg7 20. a4 Be7 21. 0-0 Nf7 22. Nxf7 Bxf7 23. Rd1 Be6 24. a5 Rb8 25. Rd2 b5 26. axb6 Rxb6 27. f4 a5 28. Kf2 Bf5 29. Bf3 h5 30. Ng3 Bg6 31. Bxh5 Bb1 32. Bg4 Bf8 33. Bf5 Ba2 34. Ne4 Bc4 35. Rd7+ Kh8 36. Rxh7+ Kg8 37. Ra7 Rxb2+ 38. Kg3 Ra2 39. Nf6+ 1-0